El Registro del Estado Civil Organizacin̤ y Principios Sectoriales / Vol. I

Detalles Bibliográficos
Autor principal: Varela Cc̀eres, Edison Lucio
Formato: eBook
Lenguaje:español
Publicado: Caracas: Revista Venezolana de Legislacin̤ y Jurisprudencia, 2018
Materias:
Acceso en línea:Acceso restringido

MARC

LEADER 00000nam a22000007a 4500
005 20190813231216.0
007 cr|||| ||||
008 190813s2018 ve |||||s|||| 00||0 spa d
020 |a 978-980-7561-02-0 
035 |a 24023 
040 |a vLex 
090 |c 9178  |d 9178 
100 1 |a Varela Cc̀eres, Edison Lucio 
245 1 2 |a El Registro del Estado Civil  |h [Recurso electrn̤ico] :  |b Organizacin̤ y Principios Sectoriales /  |c Edison Lucio Varela Cc̀eres  |n Vol. I 
256 |a Servicio en ln̕ea 
260 |a Caracas:  |b Revista Venezolana de Legislacin̤ y Jurisprudencia,  |c 2018 
300 |a 1 recurso electrn̤ico 
506 1 |a Disponible solo en los productos indicados  |d vLex Global  |d vLex Global (Academic Edition, excluding Law Schools)  |d vLex Global (U.S. Academic Edition, Law Schools)  |d vLex Global (U.S. Academic Edition, excluding Law Schools)  |d vLex Global (Academic Edition, Law Schools) 
650 0 4 |a Cd̤igo Civil  |z Venezuela 
740 0 |a vLex Libros (Servicio en ln̕ea) 
856 4 0 |u http://vlex.com/source/registro-estado-civil-vol-i-organizacion-principios-sectoriales-24023  |z Acceso restringido 
942 |c BOOK 
999 0 |a Civil Code